| 000 | 00347nam a2200121Ia 4500 | ||
|---|---|---|---|
| 008 | 180219s9999 xx 000 0 und d | ||
| 020 | _a00781718430 | ||
| 100 | _aParadiso, Catherine | ||
| 245 | _aLippincott's review series pathophysiology / | ||
| 250 | _a2nd ed | ||
| 260 |
_aUSA : _bLippincott williams & wilkins _c1999 |
||
| 300 | _aix, 496 pages | ||
| 999 |
_c355981 _d355981 |
||